000 00428nam a2200145Ia 4500
003 IN-BaIIA
008 211028s9999 xx 000 0 eng d
040 _cIIA Library
100 _aKeen, A. W.
_910570
245 4 _aThe principles of television reception
_cA. W. Keen
260 _aLondon
_bSir Isaac Pitman
_c1949
300 _a319p.
650 _aTelevision
_910571
942 _cBK
999 _c6104
_d6104